Multiple Choice Region Quiz – Oxenfurt (Witcher 3) - Statistics

General Stats
  • This quiz has been taken 33 times
  • The average score is 9 of 10
Answer Stats
Question Answer % Correct
Which Oxenfurt institute is considered to be the best of its kind in the Northern Realms? Academy
100%
Who owns a ship moored in the Oxenfurt harbor? King Radovid
100%
Which country is Oxenfurt a part of? Redania
100%
The Oxenfurt auction house is owned by which family? Borsodi
95%
On what river is Oxenfurt located? Pontar
95%
Which of these is NOT an armed group active in and around Oxenfurt? Clan Tuirseach
90%
who allegedly caused the mysterious time-stop incident of 1272 at the Alchemy Inn in Oxenfurt? Gaunter O'dimm
90%
Which overseas nation sent an influx of visitors to Oxenfurt in the early 1270s, among them a runewright and a cursed prince? Ofier
90%
What infamous crime boss used to live in a mansion in Oxenfurt? Whoreson Junior
86%
What can one do in Oxenfurt's Deireadh? Be imprisoned
81%
No matching quizzes found
Score Distribution
Percent of People with Each Score
Percentile by Number Answered
Your Score History
You have not taken this quiz